La inversión de capitales extranjeros en el sistema centro - periferia /

Guardat en:
Dades bibliogràfiques
Autor principal: Pinto, Anibal
Altres autors: Kñakal, Jan
Format: Text
Publicat: s.l.: s.e.
Etiquetes: Afegir etiqueta
Sense etiquetes, Sigues el primer a etiquetar aquest registre!

MARC

LEADER 00000 a a2200000 04500
001 23176
003
040
090 |a 160100  
100 |a Pinto, Anibal  
245 |a La inversión de capitales extranjeros en el sistema centro - periferia /  |c Anibal Pinto 
260 |a s.l.:   |b s.e.  
300 |a 13 p.  
700 |a Kñakal, Jan  
999 |c 2455  |d 2455